[Event "Lansing (MOR/1a/3)"]
[Site "?"]
[Date "1996.??.??"]
[Round "?"]
[White "McGrath, Michael"]
[Black "Royster, H."]
[Result "1-0"]
[WhiteElo "1750"]
[BlackElo "1605"]
[PlyCount "42"]
[EventDate "1996.??.??"]

1. f4 d5 2. Nf3 e6 3. e3 Nf6 4. b3 Bd6 5. Bb2 Nbd7 6. Nc3 O-O 7. Be2 Re8 8. O-O
g6 9. Qe1 Ng4 10. Ng5 f5 11. Qg3 Ndf6 12. Nd1 e5 13. Bxg4 Nxg4 14. Nf2 h6 15.
Nf3 Qf6 16. Nxg4 fxg4 17. fxe5 Bxe5 18. Nxe5 Qg5 19. Rf7 Be6 20. Rxc7 Re7 21.
Rxe7 Qxe7 {[Remainder illegible; 1-0, 55?]} 1-0

[Event "Howell (US Am N/4/20)"]
[Site "?"]
[Date "1996.??.??"]
[Round "?"]
[White "McGrath, Michael"]
[Black "Rasor, J."]
[Result "1-0"]
[WhiteElo "1755"]
[BlackElo "1605"]
[PlyCount "153"]
[EventDate "1996.??.??"]

{4/(20)} 1. f4 d5 2. Nf3 Nf6 3. b3 c5 4. Bb2 Nbd7 5. e3 e6 6. Be2 Be7 7. O-O
O-O 8. Ne5 Qc7 9. Nc3 a6 10. d4 b5 11. Bf3 Bb7 12. Ne2 c4 13. Qe1 cxb3 14. cxb3
Rac8 15. Rc1 Qb6 16. Qh4 Bb4 17. Nc3 Qa5 18. Qe1 Rc7 19. Nd3 Bd6 20. Nxd5 Qxe1
21. Nxf6+ Nxf6 22. Rcxe1 Ne4 23. Rc1 Rfc8 24. Rxc7 Rxc7 25. Rc1 Rxc1+ 26. Bxc1
f5 27. Nf2 a5 28. Nxe4 fxe4 29. Be2 Bc6 30. Kf2 g6 31. Bb2 Kf7 32. g4 Bd7 33.
Bc3 b4 34. Bd2 Bc6 35. Bc4 Bd5 36. h3 Be7 37. Ke2 Bd6 38. Bc1 Be7 39. Bd2 Bd8
40. Kd1 h6 41. Kc2 g5 42. Kb2 Ke7 43. a3 bxa3+ 44. Kxa3 gxf4 45. exf4 Bb6 46.
Be3 Kd6 47. Ka4 Bc6+ 48. Ka3 Bd5 49. h4 Bd8 50. g5 Bc6 51. Kb2 Be8 52. Kc3 h5
53. Bc1 Bg6 54. Kd2 Bb6 55. Ke3 Ba7 56. Ba3+ Kd7 57. Bc5 Bxc5 58. dxc5 Kc6 59.
Bxe6 Kxc5 60. f5 Kd6 61. Kxe4 Bh7 62. Bc8 Ke7 63. g6 Bg8 64. g7 Kf6 65. Be6
Kxg7 66. Bxg8 Kxg8 67. Kf4 Kf7 68. Kg5 Kg7 69. Kxh5 Kf6 70. Kg4 Kf7 71. Kg5 Kg7
72. h5 Kf7 73. f6 Kf8 74. Kf5 Kf7 75. Ke5 Kf8 76. Ke6 Ke8 77. h6 1-0

[Event "Howell (US Am N/2/4)"]
[Site "?"]
[Date "1996.??.??"]
[Round "?"]
[White "McGrath, Michael"]
[Black "Jarosz, Stan"]
[Result "0-1"]
[WhiteElo "1755"]
[BlackElo "2050"]
[PlyCount "42"]
[EventDate "1996.??.??"]

{2/(4)} 1. f4 Nf6 2. Nf3 g6 3. b3 Bg7 4. Bb2 O-O 5. e3 d6 6. Be2 Nc6 7. O-O Re8
8. a4 e5 9. fxe5 dxe5 10. Bb5 Bd7 11. Bxc6 Bxc6 12. Nxe5 Rxe5 13. Bxe5 Qd5 14.
Qe2 Qxe5 15. Nc3 h5 16. Qc4 Rd8 17. Rf2 Rd7 18. Raf1 Ng4 19. Rf4 g5 20. Rxg4
hxg4 21. Qxg4 Rxd2 0-1

[Event "Lansing (MOR/5/1)"]
[Site "?"]
[Date "1996.??.??"]
[Round "?"]
[White "McGrath, Michael"]
[Black "Herron, J."]
[Result "1-0"]
[WhiteElo "1750"]
[BlackElo "1725"]
[PlyCount "76"]
[EventDate "1996.??.??"]

{5/(1)} 1. f4 Nf6 2. b3 g6 3. Bb2 Bg7 4. Nf3 d6 5. e3 c5 6. Bb5+ Bd7 7. Qe2 a6
8. Bd3 Nc6 9. Nc3 Nb4 10. Ne4 Bc6 11. Nxf6+ Bxf6 12. Bxf6 exf6 13. O-O O-O 14.
c3 Nxd3 15. Qxd3 Re8 16. a3 d5 17. b4 Bb5 18. Qc2 Bxf1 19. Rxf1 b6 20. f5 Qe7
21. fxg6 hxg6 22. Qd1 Kg7 23. Qe1 Rh8 24. Qg3 Rh5 25. Qf2 Rah8 26. g3 Qe6 27.
Qe2 c4 28. Rf2 b5 29. Nd4 Qd6 30. Qg4 Rg5 31. Qf3 Re8 32. Kg2 Re4 33. Kf1 Rh5
34. Qxh5 Rxd4 35. Qh3 Re4 36. Qc8 Re6 37. Rf4 g5 38. Rd4 Re5 $138 1-0

[Event "Detroit (Class B/1/12)"]
[Site "?"]
[Date "1996.??.??"]
[Round "?"]
[White "McGrath, Michael"]
[Black "Hayes, P."]
[Result "0-1"]
[WhiteElo "1730"]
[BlackElo "1635"]
[PlyCount "102"]
[EventDate "1996.??.??"]

{1/(12)} 1. f4 Nc6 2. Nf3 d6 3. b3 e5 4. fxe5 Nxe5 5. Nxe5 dxe5 6. Bb2 Bd6 7.
g3 Nf6 8. Bg2 c6 9. O-O Be6 10. Nc3 O-O 11. d3 Ng4 12. Bc1 Qb6+ 13. e3 Nxe3 14.
Bxe3 Qxe3+ 15. Kh1 f5 16. Bh3 Qh6 17. Bg2 e4 18. Kg1 Qe3+ 19. Kh1 Qh6 20. Ne2
exd3 21. Qxd3 Rad8 22. Qc3 f4 23. gxf4 Bxf4 24. Nxf4 Rxf4 25. Qe5 Rxf1+ 26.
Rxf1 Bh3 27. Bxh3 Qxh3 28. Qf4 Qd7 29. c4 b5 30. Kg2 Qd2+ 31. Qf2 bxc4 32. bxc4
Qxf2+ 33. Rxf2 Rd4 34. Rc2 Kf7 35. Kf3 Ke6 36. Ke3 c5 37. Ke2 g5 38. Kf3 h5 39.
Ke3 Kf5 40. Kf3 Re4 41. a4 g4+ 42. Kg3 Re3+ 43. Kg2 h4 44. Rd2 h3+ 45. Kf2 Ke4
46. Rd5 Rf3+ 47. Kg1 Rf5 48. Rd7 a5 49. Rd8 Kf3 50. Kf1 g3 51. Rd3+ Ke4+ 0-1

[Event "Lansing (MOR/7/3)"]
[Site "?"]
[Date "1996.??.??"]
[Round "?"]
[White "McGrath, Michael"]
[Black "Cooper, Willie"]
[Result "0-1"]
[WhiteElo "1750"]
[BlackElo "1605"]
[PlyCount "82"]
[EventDate "1996.??.??"]

{7/(3)} 1. f4 Nf6 2. Nf3 d6 3. b3 g6 4. Bb2 Bg7 5. e3 O-O 6. Be2 Nbd7 7. O-O
Re8 8. c4 e5 9. fxe5 dxe5 10. d4 e4 11. Nfd2 Bh6 12. Kf2 c5 13. Na3 a6 14. Nc2
cxd4 15. Bxd4 Ne5 16. Kg1 Bf5 17. Qe1 Nd3 18. Qh4 Bg7 19. Qg3 b5 20. Rad1 Qe7
21. h4 Ne5 22. h5 Bg4 23. Bxg4 Nfxg4 24. hxg6 hxg6 25. Nxe4 f5 26. Bc5 Qc7 27.
Bd6 Qc6 28. Nb4 Qxe4 29. Nd5 Rad8 30. Nc7 Qxe3+ 31. Qxe3 Nxe3 32. Nxe8 Rxe8 33.
cxb5 axb5 34. a4 bxa4 35. bxa4 Nxd1 36. Rxd1 Rd8 37. a5 Nc6 38. a6 Bd4+ 39.
Rxd4 Nxd4 40. Bc7 Ra8 41. a7 Rxa7 0-1

[Event "Howell (US Am N/5/9)"]
[Site "?"]
[Date "1996.??.??"]
[Round "?"]
[White "McGrath, Michael"]
[Black "Brattin, Vincent"]
[Result "0-1"]
[WhiteElo "1755"]
[BlackElo "1935"]
[PlyCount "78"]
[EventDate "1996.??.??"]

{5/(9)} 1. f4 Nc6 2. Nf3 d5 3. e3 Nf6 4. b3 e6 5. Bb2 Be7 6. Bb5 Bd7 7. O-O a6
8. Bxc6 Bxc6 9. d3 Bc5 10. Qe1 Qe7 11. Ne5 O-O-O 12. d4 Bb6 13. Nxc6 bxc6 14.
Ba3 Qd7 15. Nc3 Ne4 16. Nxe4 dxe4 17. c4 c5 18. dxc5 Ba7 19. Rd1 Qc6 20. Qb4
Rd3 21. Rxd3 exd3 22. Rd1 Qe4 23. Kf2 g5 24. Qc3 Rd8 25. Qe5 f5 26. Qxe4 fxe4
27. fxg5 Rf8+ 28. Kg3 Rf5 29. h4 c6 30. Bb4 Bb8+ 31. Kg4 Be5 32. a3 Kd7 33. Kh3
Ke7 34. Rd2 Rf1 35. g3 Rf3 36. Rg2 Rxe3 37. Bd2 Rf3 38. Kg4 Bd4 39. b4 Rf1 0-1

[Event "Detroit (Class C/2/2)"]
[Site "?"]
[Date "1996.??.??"]
[Round "?"]
[White "McGinniss, M."]
[Black "Marson, Michael"]
[Result "0-1"]
[WhiteElo "1605"]
[BlackElo "1605"]
[PlyCount "40"]
[EventDate "1996.??.??"]

{2/(2)} 1. c4 Nf6 2. Nc3 e6 3. Nf3 c5 4. e4 d6 5. Be2 Nc6 6. O-O Bd7 7. d4 cxd4
8. Nxd4 Be7 9. Nxc6 bxc6 10. Be3 O-O 11. f4 e5 12. Qc2 Qc7 13. f5 d5 14. exd5
cxd5 15. cxd5 Nxd5 16. Qc1 Nxe3 17. Rf3 Nxf5 18. Kh1 Bb4 19. Qf1 Bxc3 20. bxc3
e4 0-1

[Event "Detroit (Class C/4/10)"]
[Site "?"]
[Date "1996.??.??"]
[Round "?"]
[White "McGinniss, M."]
[Black "Gregg, Ted"]
[Result "1/2-1/2"]
[WhiteElo "1605"]
[BlackElo "1605"]
[PlyCount "120"]
[EventDate "1996.??.??"]

{4/(10)} 1. e4 e5 2. Nf3 Nc6 3. Bc4 Bc5 4. O-O Nf6 5. d3 O-O 6. Bg5 d6 7. Nc3
Be6 8. Nd5 Bxd5 9. Bxd5 Rb8 10. c3 a6 11. b4 Bb6 12. Qa4 Na7 13. Qc2 c6 14. Bb3
Nb5 15. a4 Nc7 16. c4 Ne6 17. Bh4 Nd4 18. Nxd4 Bxd4 19. Rab1 c5 20. b5 a5 21.
Qd2 b6 22. Kh1 Qe7 23. f4 g6 24. fxe5 Bxe5 25. Qg5 Kg7 26. Bd1 Qe6 27. Qd2 Ng4
28. h3 Nh6 29. Bg5 Ng8 30. Bg4 Qe8 31. Rf2 Bg3 32. Rf3 Be5 33. h4 f6 34. Rbf1
Qe7 35. Bf4 f5 36. Bg5 Qe6 37. exf5 Qe8 38. fxg6 Rxf3 39. Rxf3 hxg6 40. Bf4 Nf6
41. Bxe5 Qxe5 42. Re3 Qa1+ 43. Bd1 Qd4 44. Re7+ Kf8 45. Re2 Qxh4+ 46. Kg1 Kf7
47. Qe1 Rh8 48. Re7+ Kf8 49. Qxh4 Rxh4 50. Rb7 Ng4 51. Bxg4 Rxg4 52. Rxb6 Ke7
53. Ra6 Rd4 54. Rxa5 Rxd3 55. Ra7+ Kd8 56. b6 Kc8 57. a5 Rb3 58. Rg7 Ra3 59.
Rxg6 Rxa5 60. Rxd6 Kb7 1/2-1/2

[Event "Detroit (Class C/5/10)"]
[Site "?"]
[Date "1996.??.??"]
[Round "?"]
[White "McGinniss, M."]
[Black "Elliott, J."]
[Result "1-0"]
[WhiteElo "1605"]
[BlackElo "1605"]
[PlyCount "91"]
[EventDate "1996.??.??"]

{5/(10)} 1. e4 d5 2. exd5 Nf6 3. d4 c6 4. dxc6 Nxc6 5. c3 Qd5 6. Qf3 Bg4 7.
Qxd5 Nxd5 8. Be2 Bxe2 9. Nxe2 e5 10. dxe5 Nxe5 11. O-O Bc5 12. Nd2 O-O 13. Nb3
Nd3 14. Nxc5 Nxc5 15. c4 Nb4 16. Be3 Ncd3 17. Nf4 b6 18. Nxd3 Nxd3 19. b3 f5
20. f4 Rfe8 21. Rf3 Re6 22. Bxb6 Re1+ 23. Rxe1 Nxe1 24. Re3 axb6 25. Rxe1 Rxa2
26. Re6 b5 27. cxb5 Ra8 28. b6 Rb8 29. Kf2 Kf7 30. Rc6 Ke8 31. b4 Kd7 32. b5
Rc8 33. Rxc8 Kxc8 34. Ke3 Kb7 35. Kd4 Kxb6 36. Ke5 Kxb5 37. Kxf5 Kc6 38. Ke6 h5
39. Kf7 Kd5 40. Kxg7 Ke4 41. Kg6 Kxf4 42. Kxh5 Kf5 43. g4+ Kf6 44. h4 Kf7 45.
g5 Kf8 46. g6 1-0

[Event "Flint (MI Jr/3/19)"]
[Site "?"]
[Date "1996.??.??"]
[Round "?"]
[White "McDiarmid, K."]
[Black "Raupp, Christine"]
[Result "0-1"]
[WhiteElo "1605"]
[BlackElo "1605"]
[PlyCount "36"]
[EventDate "1996.??.??"]

{3/(19)} 1. e4 e6 2. d4 d5 3. Nc3 Bb4 4. Nge2 Nc6 5. Bd2 Nf6 6. Bg5 dxe4 7.
Bxf6 Qxf6 8. Qd2 O-O 9. g3 Rd8 10. O-O-O e5 11. Bg2 exd4 12. Qe1 Bf5 13. h4
dxc3 14. Nxc3 Bxc3 15. bxc3 Rxd1+ 16. Qxd1 Qxc3 17. Re1 Rd8 18. Qe2 Qa1# 0-1

[Event "Detroit (MI Action/6/23)"]
[Site "?"]
[Date "1996.??.??"]
[Round "?"]
[White "McCrandell, James"]
[Black "Krasowski, Simon"]
[Result "0-1"]
[WhiteElo "1605"]
[BlackElo "1605"]
[PlyCount "42"]
[EventDate "1996.??.??"]

{6/(23)} 1. e4 e5 2. d4 exd4 3. Qxd4 Nc6 4. Qe3 d6 5. Qf3 Nf6 6. Bc4 Bg4 7. Qf4
Qe7 8. f3 Be6 9. Bd3 d5 10. exd5 Nxd5 11. Qg3 O-O-O 12. Be4 Bf5 13. Nc3 Ncb4
14. Nge2 Bxe4 15. Nd4 Nxc3 16. bxc3 Nxc2+ 17. Nxc2 Bxc2+ 18. Kf2 Qc5+ 19. Be3
Rd2+ 20. Kf1 Bd3+ 21. Ke1 Qxe3# 0-1

[Event "Howell (US Am N/2/2)"]
[Site "?"]
[Date "1996.??.??"]
[Round "?"]
[White "McCarter, Robert"]
[Black "Wysocki, Jason"]
[Result "1/2-1/2"]
[WhiteElo "1815"]
[BlackElo "2105"]
[PlyCount "102"]
[EventDate "1996.??.??"]

{2/(2)} 1. d4 Nf6 2. Nf3 b6 3. g3 Bb7 4. Bg2 e6 5. O-O Be7 6. Bg5 d5 7. Nbd2
Nbd7 8. c4 O-O 9. Bxf6 Nxf6 10. Ne5 c5 11. dxc5 Bxc5 12. Nd3 Bd6 13. cxd5 exd5
14. Nf3 Re8 15. Nd4 Qd7 16. a4 Rac8 17. a5 bxa5 18. Rxa5 a6 19. e3 Rc4 20. Qf3
Ne4 21. Rd1 Qc7 22. Raa1 Bc8 23. Rac1 Nf6 24. h3 Ne4 25. Nf5 Bf8 26. h4 g6 27.
Nd4 Bg7 28. h5 Nf6 29. Qf4 Qxf4 30. Nxf4 Rxc1 31. Rxc1 gxh5 32. Nxd5 Nxd5 33.
Bxd5 Bf6 34. Rc7 Be6 35. Bxe6 fxe6 36. Rc6 Bxd4 37. exd4 a5 38. Ra6 Rd8 39.
Rxa5 Rxd4 40. Rb5 h4 41. Kg2 hxg3 42. Kxg3 Kf7 43. Rb7+ Kg6 44. b4 h5 45. b5
Rb4 46. b6 h4+ 47. Kh3 Kf5 48. Rb8 Ke5 49. b7 Kd6 50. f4 Kc7 51. Rf8 Rxb7
1/2-1/2

[Event "Lansing (MI Op/2/34)"]
[Site "?"]
[Date "1996.??.??"]
[Round "?"]
[White "McCarter, Robert"]
[Black "Williams, Ron"]
[Result "0-1"]
[WhiteElo "1775"]
[BlackElo "1905"]
[PlyCount "150"]
[EventDate "1996.??.??"]

{2/(34)} 1. d4 Nf6 2. Nf3 e6 3. Bf4 b6 4. e3 Bb7 5. Be2 Be7 6. h3 Nc6 7. c4 d5
8. Nc3 O-O 9. O-O Ne4 10. cxd5 exd5 11. Nxe4 dxe4 12. Nd2 Nb4 13. a3 Nd5 14.
Bh2 Nf6 15. Qc2 Rc8 16. Qa4 a5 17. Rfd1 Qd5 18. Rac1 Bd6 19. Bxd6 Qxd6 20. Nc4
Qe6 21. Ne5 Bd5 22. Qb5 c5 23. Ng4 Nxg4 24. Bxg4 f5 25. Be2 c4 26. Rc3 Qc6 27.
Qxc6 Rxc6 28. Rdc1 Rfc8 29. a4 Kf7 30. Kf1 Ke7 31. Ke1 h6 32. Kd2 g5 33. Bd1 f4
34. b3 Kd6 35. bxc4 Bxc4 36. Bg4 R8c7 37. Bh5 Rc8 38. Bg6 Bd5 39. Bh5 fxe3+ 40.
fxe3 Rf8 41. Ke1 Rxc3 42. Rxc3 Bc6 43. Bd1 b5 44. axb5 Bxb5 45. Be2 Bxe2 46.
Kxe2 Rb8 47. Kd2 Rb5 48. g4 a4 49. Kc2 Ra5 50. Kb2 Ra8 51. Ra3 Kc6 52. Kc3 Kb5
53. d5 Kc5 54. d6 Ra7 55. d7 Rxd7 56. Rxa4 Rd3+ 57. Kc2 Rxe3 58. Kd2 Rxh3 59.
Rxe4 Kd5 60. Re8 Rh4 61. Rh8 Ke4 62. Ke2 Kf4 63. Kf2 Kxg4 64. Kg2 Kh5 65. Rb8
Rd4 66. Kg3 Rd3+ 67. Kg2 Kh4 68. Rb4+ g4 69. Rb6 Rd2+ 70. Kf1 h5 71. Rb3 g3 72.
Rb4+ Kh3 73. Rb5 g2+ 74. Kg1 Rd1+ 75. Kf2 g1=Q+ 0-1

[Event "Ann Arbor (HVA/4/1)"]
[Site "?"]
[Date "1996.??.??"]
[Round "?"]
[White "McCarter, Robert"]
[Black "Skidmore, Mike"]
[Result "1/2-1/2"]
[WhiteElo "1730"]
[BlackElo "1970"]
[PlyCount "100"]
[EventDate "1996.??.??"]

{4/(1)} 1. d4 c6 2. Nf3 d5 3. Bf4 Nf6 4. e3 Nh5 5. Bg5 Nf6 6. c4 e6 7. Ne5 Nbd7
8. Nd2 Qa5 9. Nxd7 Nxd7 10. Bf4 Nb6 11. c5 Nd7 12. a3 g6 13. b4 Qd8 14. Nf3 Bg7
15. Be2 O-O 16. O-O b6 17. Rb1 b5 18. Qc2 f6 19. Bg3 e5 20. dxe5 fxe5 21. Rfd1
e4 22. Nd4 Bxd4 23. Rxd4 a6 24. Rbd1 Qf6 25. Bg4 Ne5 26. Bxc8 Raxc8 27. Bxe5
Qxe5 28. Qe2 Rf5 29. Rf1 Rh5 30. g3 Rf8 31. f4 exf3 32. Rxf3 Rhf5 33. Rxf5 Rxf5
34. Kg2 Rf8 35. Qd3 Re8 36. Kf3 Rf8+ 37. Rf4 Qh5+ 38. Kg2 Qe5 39. Rxf8+ Kxf8
40. Qd4 Qxd4 41. exd4 Kf7 42. Kf3 Kf6 43. h4 h6 44. g4 g5 45. h5 Ke6 46. Ke3
Kf6 47. Kd3 Ke6 48. Kc3 Kf6 49. Kb3 Ke6 50. a4 Kf6 1/2-1/2

[Event "Detroit (Class B/4/3)"]
[Site "?"]
[Date "1996.??.??"]
[Round "?"]
[White "McCarter, Robert"]
[Black "Rotberg, Victor"]
[Result "1-0"]
[WhiteElo "1780"]
[BlackElo "1785"]
[PlyCount "119"]
[EventDate "1996.??.??"]

{4/(3)} 1. d4 Nf6 2. Nf3 g6 3. Bf4 Bg7 4. e3 O-O 5. Be2 d6 6. h3 Nbd7 7. c4 b6
8. Nc3 Bb7 9. Qc2 Re8 10. O-O e5 11. Bh2 exd4 12. Nxd4 Nc5 13. Bf3 Nfe4 14.
Nxe4 Nxe4 15. Rad1 Qc8 16. b3 a6 17. Rd3 Qd7 18. Ne2 g5 19. Rfd1 f5 20. Ng3 Qe6
21. Bh5 Re7 22. Bf3 Rf8 23. Ne2 Qh6 24. Nd4 g4 25. hxg4 fxg4 26. Bf4 Rxf4 27.
exf4 gxf3 28. Nf5 Qe6 29. Nxe7+ Qxe7 30. Rxf3 Qh4 31. Re3 Qxf4 32. Rde1 Nf6 33.
Qe2 Bc6 34. Rg3 Qe4 35. Qxe4 Nxe4 36. Rge3 Nxf2 37. Kxf2 Bd4 38. Kg3 Bxe3 39.
Rxe3 Kf7 40. Re2 a5 41. a4 Kf8 42. Kf4 Bd7 43. Kg5 Be8 44. Kf6 c6 45. Re7 Bg6
46. Rb7 d5 47. Rb8+ Be8 48. cxd5 cxd5 49. Rxb6 Bf7 50. Rd6 Ke8 51. g4 d4 52.
Rxd4 Bxb3 53. Re4+ Kf8 54. g5 Bc2 55. Re5 Bxa4 56. Rxa5 Bc6 57. Rc5 Bd7 58. Rc7
Ke8 59. Rxd7 Kxd7 60. Kg7 1-0

[Event "Howell (US Am N/6/22)"]
[Site "?"]
[Date "1996.??.??"]
[Round "?"]
[White "McCarter, Robert"]
[Black "Robinson, Erik"]
[Result "0-1"]
[WhiteElo "1815"]
[BlackElo "1605"]
[PlyCount "98"]
[EventDate "1996.??.??"]

{6/(22)} 1. d4 Nf6 2. Nf3 e6 3. Bf4 c5 4. c3 b6 5. Nbd2 Ba6 6. g3 Nh5 7. Bxb8
Rxb8 8. Bg2 Be7 9. O-O O-O 10. Re1 Qc7 11. e4 g6 12. Rc1 f6 13. Qc2 Rf7 14. Qa4
Bb7 15. Bf1 Rbf8 16. Bd3 a6 17. Qd1 d6 18. Qe2 a5 19. Qe3 Bc8 20. g4 Ng7 21. h3
f5 22. exf5 exf5 23. Bc4 fxg4 24. Bxf7+ Rxf7 25. hxg4 Bxg4 26. dxc5 bxc5 27.
Qe4 Qd7 28. Nh2 Bh3 29. c4 Bg5 30. Qa8+ Rf8 31. Qd5+ Ne6 32. Nhf3 Qf7 33. Re2
Bxd2 34. Rxd2 Qxf3 35. Rc3 Qxd5 36. Rxd5 Nf4 37. Rd2 Rf5 38. Re3 Rh5 39. Rg3
Be6 40. b3 d5 41. cxd5 Bxd5 42. f3 Re5 43. Kf2 g5 44. Rc2 Be6 45. Rd2 Kf7 46.
Kf1 h5 47. Rc2 h4 48. Rg1 Bh3+ 49. Kf2 Nd3# 0-1

[Event "Lansing (MI Op/4/33)"]
[Site "?"]
[Date "1996.??.??"]
[Round "?"]
[White "McCarter, Robert"]
[Black "Neshewat, Michael"]
[Result "1-0"]
[WhiteElo "1775"]
[BlackElo "1875"]
[PlyCount "109"]
[EventDate "1996.??.??"]

{4/(33)} 1. d4 d5 2. Nf3 Bg4 3. Ne5 Nf6 4. Nxg4 Nxg4 5. h3 Nf6 6. Bf4 e6 7. e3
c5 8. c3 Nbd7 9. Bd3 cxd4 10. exd4 Ne4 11. Nd2 g5 12. Bh2 h5 13. Nxe4 dxe4 14.
Bxe4 Qf6 15. Bxb7 Rd8 16. Bc7 e5 17. Bxd8 Kxd8 18. Qf3 Qb6 19. dxe5 Nxe5 20.
Qd5+ Bd6 21. O-O-O Kc7 22. Rhe1 f6 23. Qb3 Qxf2 24. Qc2 Qf4+ 25. Kb1 Kxb7 26.
Rxd6 Nf3 27. Re7+ Kc8 28. Rdd7 Ne1 29. Qd2 Qf5+ 30. Kc1 Nxg2 31. Rxa7 Qf1+ 32.
Qd1 Qxd1+ 33. Kxd1 Rd8+ 34. Kc2 Kb8 35. Ra6 f5 36. Re5 Kc7 37. Rae6 Rf8 38.
Re7+ Kc6 39. Re8 Rf7 40. R5e7 Rf6 41. Re6+ Rxe6 42. Rxe6+ Kd5 43. Rg6 g4 44.
hxg4 hxg4 45. a4 f4 46. Rg5+ Ke4 47. Kd2 g3 48. a5 Ne3 49. a6 Nc4+ 50. Ke1 Ne5
51. Rxe5+ Kxe5 52. a7 f3 53. a8=Q Kf4 54. Qa4+ Kg5 55. Qd4 1-0

[Event "Lansing (MI Op/7/24)"]
[Site "?"]
[Date "1996.??.??"]
[Round "?"]
[White "McCarter, Robert"]
[Black "Morabito, Matthew"]
[Result "1/2-1/2"]
[WhiteElo "1775"]
[BlackElo "1905"]
[PlyCount "71"]
[EventDate "1996.??.??"]

{7/(24)} 1. d4 Nf6 2. Nf3 g6 3. Bf4 Bg7 4. e3 O-O 5. c4 c5 6. Nc3 d6 7. Be2 Nh5
8. Bg5 h6 9. Bh4 Nd7 10. Qc2 Nhf6 11. Rd1 cxd4 12. exd4 b6 13. h3 Bb7 14. Bg3
Rc8 15. b3 d5 16. O-O dxc4 17. bxc4 Ne8 18. Ne5 Nd6 19. Qa4 Rc7 20. Nxd7 Rxd7
21. Nb5 Nxb5 22. Qxb5 Rxd4 23. c5 Qa8 24. f3 Rfd8 25. cxb6 Rxd1 26. Rxd1 Rxd1+
27. Bxd1 Bd4+ 28. Bf2 Bxf2+ 29. Kxf2 axb6 30. Bb3 Qd8 31. Qc4 e6 32. Qb4 Qc7
33. Qd2 Qc5+ 34. Kg3 Qg5+ 35. Qxg5 hxg5 36. Kg4 1/2-1/2

[Event "Ann Arbor (HVA/3/2)"]
[Site "?"]
[Date "1996.??.??"]
[Round "?"]
[White "McCarter, Robert"]
[Black "McGuire, J."]
[Result "1-0"]
[WhiteElo "1730"]
[BlackElo "1605"]
[PlyCount "65"]
[EventDate "1996.??.??"]

{3/(2)} 1. d4 g6 2. Nf3 Bg7 3. Bf4 d6 4. h3 c5 5. c3 cxd4 6. cxd4 Qb6 7. Qd2
Nf6 8. Nc3 O-O 9. e3 Bd7 10. Bd3 Bc6 11. Be2 Rc8 12. O-O Qd8 13. Rfc1 a6 14.
Rc2 b5 15. Rac1 b4 16. Nb1 a5 17. Bb5 Qb6 18. Bxc6 Rxc6 19. Rxc6 Nxc6 20. Qd3
Nd7 21. Qe4 Ra6 22. Nbd2 Qb5 23. b3 d5 24. Qc2 e6 25. Ne1 Na7 26. Qd3 Qxd3 27.
Nxd3 Rc6 28. Rxc6 Nxc6 29. Bc7 e5 30. dxe5 Ncxe5 31. Nf4 g5 32. Nxd5 Nd3 33.
Ne4 $138 1-0

[Event "Detroit (Class B/2/2)"]
[Site "?"]
[Date "1996.??.??"]
[Round "?"]
[White "McCarter, Robert"]
[Black "Lobb, K."]
[Result "1-0"]
[WhiteElo "1780"]
[BlackElo "1680"]
[PlyCount "112"]
[EventDate "1996.??.??"]

{2/(2)} 1. d4 e6 2. Nf3 d5 3. Bf4 Bd6 4. Bg3 Nf6 5. e3 O-O 6. Bd3 h6 7. Nbd2 b6
8. Ne5 Ba6 9. Bxa6 Nxa6 10. Qe2 Nb8 11. O-O c5 12. c3 Qc7 13. Qf3 Nbd7 14. Nxd7
Qxd7 15. Rfe1 Rac8 16. Bxd6 Qxd6 17. e4 dxe4 18. Nxe4 Nxe4 19. Qxe4 cxd4 20.
Rad1 Qc6 21. Qxc6 Rxc6 22. Rxd4 Rfc8 23. Rd7 R6c7 24. Red1 Kf8 25. Kf1 Ke8 26.
R7d4 Ke7 27. f4 Kf6 28. g3 Ke7 29. Ke2 f6 30. R1d3 Re8 31. Kf3 Kf7 32. Rd7+
Rxd7 33. Rxd7+ Re7 34. Rxe7+ Kxe7 35. Ke4 Kd6 36. Kd4 g5 37. h4 gxh4 38. gxh4
e5+ 39. fxe5+ fxe5+ 40. Ke4 Ke6 41. b4 b5 42. h5 a6 43. a3 Kf6 44. Kd5 Kf5 45.
c4 bxc4 46. Kxc4 e4 47. a4 e3 48. Kd3 e2 49. Kxe2 Ke5 50. Ke3 Kd5 51. Kf4 Kc4
52. b5 axb5 53. axb5 Kxb5 54. Kf5 Kc6 55. Kg6 Kd7 56. Kxh6 Ke7 1-0

[Event "Howell (US Am N/1/26)"]
[Site "?"]
[Date "1996.??.??"]
[Round "?"]
[White "McCarter, Robert"]
[Black "Jackson, Katrina"]
[Result "1-0"]
[WhiteElo "1815"]
[BlackElo "1605"]
[PlyCount "95"]
[EventDate "1996.??.??"]

{1/(26)} 1. d4 e6 2. Nf3 d5 3. Bf4 c5 4. e3 Nc6 5. c3 Nf6 6. Bd3 Qb6 7. Qc2 Bd7
8. Nbd2 Be7 9. h3 c4 10. Be2 Nh5 11. Bh2 g6 12. e4 Rd8 13. O-O Bc8 14. Rfe1 O-O
15. exd5 exd5 16. Ne5 Ng7 17. Nxc6 Qxc6 18. Bxc4 dxc4 19. Rxe7 Rd7 20. Rxd7
Bxd7 21. Re1 b5 22. Nf3 Bxh3 23. Qe4 Bd7 24. Kf1 Re8 25. Qxc6 Rxe1+ 26. Kxe1
Bxc6 27. Ke2 h5 28. Bb8 a6 29. g3 Bxf3+ 30. Kxf3 Ne6 31. Ke4 a5 32. d5 Nc5+ 33.
Kd4 Nd3 34. d6 Kf8 35. Kd5 Ke8 36. Kc6 Ne5+ 37. Kxb5 Kd7 38. Kxa5 Nc6+ 39. Kb5
Nxb8 40. Kxc4 Kxd6 41. a4 Nc6 42. b4 f5 43. f4 Ne7 44. a5 Nc8 45. b5 Na7 46. b6
Nc8 47. Kb5 Na7+ 48. bxa7 1-0

[Event "Lansing (MI Op/5/31)"]
[Site "?"]
[Date "1996.??.??"]
[Round "?"]
[White "McCarter, Robert"]
[Black "Grossman, Jay"]
[Result "0-1"]
[WhiteElo "1775"]
[BlackElo "1905"]
[PlyCount "162"]
[EventDate "1996.??.??"]

{5/(31)} 1. d4 Nf6 2. Nf3 d5 3. Bf4 e6 4. e3 c5 5. c3 Nc6 6. Nbd2 Be7 7. h3 O-O
8. Bd3 Bd7 9. O-O Rc8 10. Qe2 cxd4 11. exd4 a6 12. Ne5 b5 13. Ndf3 g6 14. Bh6
Re8 15. Rfe1 Bf8 16. Qe3 Qe7 17. Bxf8 Qxf8 18. Ng5 Re7 19. g4 Be8 20. Nxc6 Rxc6
21. Qf4 Nd7 22. Nf3 Qg7 23. Re3 f6 24. Rae1 Bf7 25. h4 Re8 26. Kh2 Qf8 27. Kh3
Qd6 28. Qh6 Qf8 29. Qxf8+ Rxf8 30. g5 f5 31. Ne5 Nxe5 32. Rxe5 Kg7 33. f4 Rcc8
34. a3 Rh8 35. Be2 h6 36. Kg2 hxg5 37. hxg5 Rh4 38. Rf1 Rch8 39. Kf3 Rh2 40.
Ke3 Rh1 41. Rf2 R8h2 42. Bf1 Kf8 43. Ke2 Ke7 44. Re3 Kd6 45. Ref3 Rh4 46. Kd2
Kc6 47. a4 Kb6 48. axb5 axb5 49. Kc2 R1h2 50. Kb3 Rxf2 51. Rxf2 Be8 52. Kb4 Bd7
53. b3 Rh8 54. c4 bxc4 55. bxc4 dxc4 56. Bxc4 Kc6 57. Ra2 Kd6 58. Ra6+ Ke7 59.
d5 exd5 60. Bxd5 Be8 61. Kc5 Rh4 62. Re6+ Kf8 63. Kd6 Rxf4 64. Rf6+ Kg7 65. Ke7
Rg4 66. Kxe8 Rxg5 67. Rf7+ Kh6 68. Rf8 Kh5 69. Rh8+ Kg4 70. Rh1 f4 71. Rg1+ Kf5
72. Be4+ Kf6 73. Rb1 Re5+ 74. Kf8 Rxe4 75. Rb7 Kf5 76. Rf7+ Kg4 77. Kg7 g5 78.
Rf6 Re5 79. Kg6 Kg3 80. Rb6 g4 81. Rb3+ f3 0-1

[Event "Howell (US Am N/3/17)"]
[Site "?"]
[Date "1996.??.??"]
[Round "?"]
[White "McCarter, Robert"]
[Black "Fredenburg, Jeff"]
[Result "1-0"]
[WhiteElo "1815"]
[BlackElo "1605"]
[PlyCount "103"]
[EventDate "1996.??.??"]

{3/(17)} 1. d4 Nf6 2. Nf3 d5 3. Bf4 Nbd7 4. e3 g6 5. c4 Bg7 6. Nc3 c6 7. Qb3
Nb6 8. c5 Nbd7 9. h3 O-O 10. Bd3 Re8 11. Ne5 Nxe5 12. Bxe5 Nd7 13. Bxg7 Kxg7
14. f4 f6 15. O-O e5 16. Qc2 e4 17. Be2 Nf8 18. b4 a6 19. a4 Bd7 20. Rfb1 Qc7
21. b5 axb5 22. axb5 Rxa1 23. Rxa1 Rb8 24. Ra7 Qc8 25. Bf1 Kg8 26. Qa2 Ne6 27.
Na4 Nc7 28. Nb6 Qd8 29. bxc6 Bxc6 30. Be2 Nb5 31. Bxb5 Bxb5 32. Nxd5 Kg7 33.
Nc3 Bd3 34. Qe6 Qc7 35. Nxe4 Bxe4 36. Qxe4 Kf8 37. Kf2 Re8 38. Qxb7 Qxb7 39.
Rxb7 Kg8 40. c6 Rc8 41. d5 h6 42. c7 Kf7 43. d6 Ke6 44. Rb8 Kd7 45. e4 f5 46.
e5 h5 47. Ke3 h4 48. Kd4 g5 49. fxg5 f4 50. Kd5 f3 51. e6+ Ke8 52. Rxc8# 1-0

[Event "Ann Arbor (HVA/1/3)"]
[Site "?"]
[Date "1996.??.??"]
[Round "?"]
[White "McCarter, Robert"]
[Black "Frantz, John W"]
[Result "1-0"]
[WhiteElo "1730"]
[BlackElo "1605"]
[PlyCount "65"]
[EventDate "1996.??.??"]

{1/(3)} 1. d4 d5 2. Nf3 e6 3. Bf4 Nd7 4. e3 b6 5. c4 Ba6 6. Qa4 Qc8 7. Ne5 Ngf6
8. Nd2 h6 9. Ndf3 Bd6 10. Nxd7 Nxd7 11. Ne5 Bxe5 12. Bxe5 O-O 13. Bg3 c5 14.
cxd5 Bxf1 15. Rxf1 cxd4 16. dxe6 Nc5 17. exf7+ Rxf7 18. Qxd4 Rd7 19. Qc4+ Kh8
20. Ke2 Qb7 21. Rfd1 Rxd1 22. Rxd1 Qxg2 23. Qf7 Qe4 24. Qd5 Rc8 25. Qxe4 Nxe4
26. Be5 Rc2+ 27. Kd3 Rxf2 28. Kxe4 Kh7 29. Rd7 Rg2 30. Kf3 Rg5 31. Bd4 h5 32.
Rxa7 Kh6 33. Ra6 1-0